000
00325nam a22001337a 4500
008
171004b xxu||||| |||| 00| 0 eng d
020
_a
9780683002980
041
_a
eng
080
_a
159.9
100
_a
48
101
_a
PSI
245
_a
LECIXON OF PSYCHIATRY, NEUROLOGY, AND THE NEUROSCIENCES
_c
AYD, F.J
942
_2
udc
_c
BK
999
_c
31556
_d
31556